Annotating modernism : marginalia and pedagogy from Virginia Woolf to the confessional poets /

Bibliographic Details
Main Author: Golden, Amanda, 1979- (Author)
Corporate Author: Taylor & Francis
Format: eBook
Language:English
Published: London : Routledge, 2016.
Subjects:
Online Access:Connect to the full text of this electronic book

MARC

Tag First Indicator Second Indicator Subfields
LEADER 00000cam a2200000Ki 4500
001 in00004149821
006 m o d
007 cr cnu---unuuu
008 200512s2016 enk fo 000 0 eng d
005 20250816191108.0
020 |a 9781315567235  |q (electronic bk.) 
020 |a 1315567237  |q (electronic bk.) 
020 |a 9781317180630  |q (electronic bk. : EPUB) 
020 |a 1317180631  |q (electronic bk. : EPUB) 
020 |a 9781317180623  |q (electronic bk. : Mobipocket) 
020 |a 1317180623  |q (electronic bk. : Mobipocket) 
020 |a 9781317180647  |q (electronic bk. : PDF) 
020 |a 131718064X  |q (electronic bk. : PDF) 
020 |z 9781472410764 
020 |z 1472410769 
024 8 |a 99984445906 
027 |a (Coutts)035199042 
035 |a (NhCcYBP)ybp16611486 
037 |a 9781315567235  |b Taylor & Francis 
040 |a NhCcYBP  |c NhCcYBP  |d UtOrBLW 
050 4 |a PN56.M54  |b G65 2016 
072 7 |a LIT  |x 000000  |2 bisacsh 
072 7 |a DSBH  |2 bicssc 
082 0 4 |a 809.9/112  |2 23 
100 1 |a Golden, Amanda,  |d 1979-  |e author.  |0 http://id.loc.gov/authorities/names/no2010089905 
245 1 0 |a Annotating modernism :  |b marginalia and pedagogy from Virginia Woolf to the confessional poets /  |c Amanda Golden. 
264 1 |a London :  |b Routledge,  |c 2016. 
300 |a 1 online resource. 
336 |a text  |b txt  |2 rdacontent 
337 |a computer  |b c  |2 rdamedia 
338 |a online resource  |b cr  |2 rdacarrier 
545 0 |a Amanda Golden is Associate Professor of English at the New York Institute of Technology. 
588 0 |a Print version record. 
500 |a Electronic resource. 
650 0 |a Modernism (Literature)  |x History and criticism. 
650 0 |a Modernism (Literature)  |x Influence. 
650 0 |a Poetry, Modern  |y 20th century  |x History and criticism.  |0 http://id.loc.gov/authorities/subjects/sh2008109419 
650 0 |a Literature, Modern  |y 20th century  |x History and criticism.  |0 http://id.loc.gov/authorities/subjects/sh85077561 
655 7 |a Electronic books.  |2 local 
710 2 |a Taylor & Francis.  |0 http://id.loc.gov/authorities/names/n84073022 
776 1 8 |i Print version:  |a Golden, Amanda, 1979-  |t Annotating modernism.  |d London : Routledge, 2016  |z 9781472410764 
856 4 0 |u http://proxy.library.tamu.edu/login?url=https://www.taylorfrancis.com/books/9781315567235  |z Connect to the full text of this electronic book  |t 0 
955 |a YBP purchased firm e-records 
980 |b 164.95  |g 1 
999 f f |s a2dac956-f57e-3353-96f4-c66c864f64b5  |i fbe79c33-8ca8-3282-8c53-782fc9987cfd  |t 0 
952 f f |a Texas A&M University  |b College Station  |c Electronic Resources  |d Available Online  |t 0  |e PN56.M54 G65 2016  |h Library of Congress classification 
998 f f |a PN56.M54 G65 2016  |t 0  |l Available Online